000 00808nam a22002177a 4500
001 113956
003 DR-UNIBE
005 20250731102624.0
008 250728b2011 dr ||||| |||| 00| 0 spa d
040 _aBIBLIOTECA UNIBE
_bspa
_cBIBLIOTECA UNIBE
_erda
041 _aspa
082 _aF-RD 6002
110 2 _aRepública Dominicana.
_bMinisterio de Hacienda
_934831
245 _aDecreto no. 579-11 del reglamento no. 2, Ley no. 567-05, para el funcionamiento del Sistema de Cuenta Única del Tesoro
260 _aSanto Domingo :
_bSecretaría de Estado de Finanzas,
_c2005
300 _a12 páginas
650 7 _2lemb
_aEconomía
_zRepública Dominicana
_91462
650 7 _aHacienda pública
_zRepública Dominicana
_95157
653 _aTransparencia de fondos -- República Dominicana
942 _2ddc
_cMX
999 _c113956
_d113956